Mi sangre : pequeña historia de la regla, de aquellas que la tienen y de aquellos que las hacen /
Guardado en:
| Autor Principal: | |
|---|---|
| Otros Autores: | |
| Formato: | Libro |
| Publicado: |
CABA :
Hekht Libros,
2017.
|
| Materias: | |
| Etiquetas: |
Agregar Etiqueta
Sin Etiquetas, Sea el primero en etiquetar este registro!
|
| LEADER | 00700nam a22002055a 4500 | ||
|---|---|---|---|
| 001 | EHU.bham050968 | ||
| 008 | 220909s2017####ag############000#0#####d | ||
| 005 | 20220909092348.0 | ||
| 245 | 0 | 0 | |a Mi sangre : |b pequeña historia de la regla, de aquellas que la tienen y de aquellos que las hacen / |c Élise Thiébaut ; trad. por Víctor Goldstein. |
| 260 | |a CABA : |b Hekht Libros, |c 2017. | ||
| 300 | |a 234 p. | ||
| 020 | |a 9789874648150 | ||
| 100 | 1 | |a Thiébaut, Élise. | |
| 700 | 1 | |a Goldstein, Víctor, trad. | |
| 082 | 7 | 0 | |a 346.012 T346 |
| 653 | |a Menstruación | ||
| 653 | |a Género-identidad de | ||
| 653 | |a Feminismo | ||
| 653 | |a Sexualidad | ||
| 859 | |a AR-BHAM |b BIB. HUMANIDADES - General |h 346.012 |i T346 |p 3770.19 | ||
